Länder mit unterschiedlich beginnenden deutschen und englischen Namen - Statistiken

Allgemein
  • Dieses Quiz wurde 347 mal gespielt
  • Das Durchschnittsergebnis liegt bei 17 aus 27
Antwortstatistiken
Land % Korrekt
Kanada
91%
Vereinigte Staaten
90%
Deutschland
89%
Österreich
84%
Kolumbien
83%
Vereinigtes Königreich
81%
Ägypten
79%
Kroatien
74%
Ungarn
73%
Tschechien
72%
Kuba
68%
Äthiopien
63%
Vereinigte Arabische Emirate
63%
Zypern
60%
Elfenbeinküste
59%
Jemen
58%
Äquatorialguinea
57%
Tschad
57%
Zentralafrikanische Republik
56%
Katar
55%
Kambodscha
54%
Kamerun
53%
Simbabwe
47%
Kap Verde
45%
Komoren
41%
Osttimor
41%
Sambia
40%
Keine übereinstimmenden Quizze gefunden
Verteilung der Resultate
Anzahl Personen mit jedem Resultat
Perzentil nach korrekt beantworteten Fragen
Ihre Resultats-Entwicklung
Sie haben dieses Quiz noch nicht gespielt